Word Ladder: Rap Music Quiz Stats

 Plays Quiz Updated Mar 4, 2019

Score 0/30 Timer 05:00
2 Plays Today
Hint Answer % Correct
• Kanye West song: '____ Digger' •• GOLD •
98.6%
Opposite of pushPULL
91.6%
Walk with an injuryLIMP
88.1%
Not the futurePAST
86.5%
Part of a fishGILL
85.6%
Form of medicinePILL
85%
Bathroom floor coveringTILE
84.9%
Camping shelterTENT
83.1%
River flowing through Juba, Khartoum, CairoNILE
82.7%
• Gucci Gang artist Lil ____• PUMP •
82.7%
UncoolLAME
81.3%
• Drake single: '____ for What' •• NICE •
81.3%
Move ahead of someonePASS
80%
• Kendrick Lamar album: 'To ____ a Butterfly' •• PIMP •
79.7%
IlluminatorLAMP
79.7%
Hint Answer % Correct
Road or avenueLANE
79.6%
Coat with a precious metalGILD
78.8%
Let off steamVENT
77.8%
Ingredient of paperPULP
77.4%
Color something slightlyTINT
77.1%
1 dimensional shapeLINE
76.9%
Divider of WeeksDAYS
75.9%
Point on a forkTINE
75.7%
VerminPEST
74.4%
Parasitic insectsLICE
73.5%
What a person does at a tillPAYS
72.7%
• Rapper Lil Uzi ____• VERT •
66.1%
• 'Empire State of Mind' rapper •• JAY Z •
64.8%
Zombie survival gameDAYZ
53.2%
Full of pepPERT
50.6%

Today's Daily Dose

Word Ladder
Lean on Me

Get the Picture
Superhero by Villain

You're not logged in!

Compare scores with friends on all Sporcle quizzes.
OR
Log In

Sporcle TV

Today on Sporcle TV


Watch our educational content, quiz creation guides, and fun videos on Sporcle TV.

Show Comments

Extras

Top Quizzes Today


Score Distribution

Your Account Isn't Verified!

In order to create a playlist on Sporcle, you need to verify the email address you used during registration. Go to your Sporcle Settings to finish the process.

Report this User

Report this user for behavior that violates our Community Guidelines.

Details: